01405nab a22002057a 4500003000400000005001700004008004100021040000700062100002100069245014600090260007300236300001300309500004500322505052700367505008900894650002900983650002601012650002001038773014101058OSt20251204090714.0190604e xxu||||| |||| 00| 0 spa d cPJ aBorda, Alejandro13aEl error como vicio del consentimiento ¿Es justificable su regulación en el Código Civil y Comercial de la Nación? /cAlejandro Borda. aCiudad Autónoma de Buenos Aires :bThomson Reuters La Ley, c2025. ap. 81-92 aCita Online: TR LALEY AR/DOC/1720/2025.  aSumario: I. Introducción.— II. El error como vicio del consentimiento.— III. El error de derecho.— IV. El error de hecho.— V. Error esencial y error accidental.— VI. Error excusable e inexcusable.— VII. Crítica general de la teoría del error.— VIII. Crítica a los supuestos normativos de error esencial.— IX. El error reconocible.— X. El error de expresión, cálculo o "de pluma".— XI. La subsistencia del acto.— XII. La declaración hecha con espíritu de broma.— XIII. Conclusiones.  t¿Te interesa el texto completo? Solicitalo al correo: koha@justierradelfuego.gov.ar 0aCONSENTIMIENTO INFORMADO 0aVICIOS DE LA VOLUNTAD 0aACTO VOLUNTARIO0 02714dCiudad Autónoma de Buenos Aires : Thomson Reuters La Ley, 2014-tRevista anales de legislación argentina. Nº 8 - Agosto 2025.